000 01350nam a22003617a 4500
003 CHAP
005 20220329141307.0
008 971010s1982 r 00010 d
010 _a65934
011 _a66906
035 _a75891
040 _cCHAP
090 _aTesis
100 0 0 _aQuiñones Pando, Francisco Javier.
_993464
245 _aDinámica de población de insectos, efecto de la tecnología de producción en el daño que causan y estadísticas de su control químico en algodón en la región de Delicias, Chih.
260 _aChapingo, Méx. :
_bEl autor,
_c1982
300 _a123 h.
_b; láms. ; gráfs.
502 _aTesis (Ing. Agr. Esp. en Parasitología Agrícola) -- UACH. Departamento de Parasitología Agrícola
590 _aALEPH
_b10
_c20130110
_lUCH01
_h1359
590 _aBATCH-UPD
_b10
_c20130110
_lUCH01
_h1625
590 _aBATCH-UPD
_b10
_c20130410
_lUCH01
_h1019
590 _aBATCH-UPD
_b10
_c20130914
_lUCH01
_h0107
590 _aCONVERSION
_b10
_c20130109
_lUCH01
_h1336
650 1 4 _aAlgodón
_xPlagas.
_94046
650 1 4 _aAlgodón
_zChihuahua.
_94074
650 1 4 _aControl de plagas.
_927595
650 1 4 _aInsecticidas.
_958855
901 _aBK
942 _cFOLL
949 _bBC
_cTES
_d-149549
_eTS1
_i75891
_si
949 _bBC
_cTES
_d-149550
_eTS2
_fc.2
_i75891
_si
949 _bZA
_cTESBD
_d-8892
_eTS1
_h192
_i75891
_si
999 _c65934
_d65934